FUNDAMENTALS OF HUMAN RESOURCE MTANAGEMEN (Record no. 8870)
[ view plain ]
| 000 -LEADER | |
|---|---|
| fixed length control field | 00745nam a22001577a 4500 |
| 003 - CONTROL NUMBER IDENTIFIER | |
| control field | SGT |
| 020 ## - INTERNATIONAL STANDARD BOOK NUMBER | |
| International Standard Book Number | 9788131755549 |
| 082 ## - DEWEY DECIMAL CLASSIFICATION NUMBER | |
| Classification number | 658.3,DES |
| 100 ## - MAIN ENTRY--PERSONAL NAME | |
| Personal name | DESSLER, GARY |
| 245 ## - TITLE STATEMENT | |
| Title | FUNDAMENTALS OF HUMAN RESOURCE MTANAGEMEN |
| Remainder of title | CONTENT, COMPETENCIES, AND APPLICATIONS |
| 260 ## - PUBLICATION, DISTRIBUTION, ETC. (IMPRINT) | |
| Place of publication, distribution, etc | NEW DELHI |
| Name of publisher, distributor, etc | PEARSON |
| Year of Publication | 2011 |
| 300 ## - PAGE DESCRIPTION | |
| No. of Pages | 450 |
| 650 ## - SUBJECT ADDED ENTRY--TOPICAL TERM | |
| Topical term or geographic name as entry element | MANAGEMENT |
| 653 ## - KEYWORDS--INDEX TERM | |
| Keyword term | MANAGING HUMAN RESOURCES TODAY,MANAGING EQUAL OPPORTUNITY AND DIVERSITY,MERGERS, ACQUISITIONS, AND STRATEGIC HUMAN,PERSONNEL PLANNING AND RECRUITING, SELECTING EMPLOYEES,TRAINING AND DEVELOPING EMPLOYEES |
| -- | MANAGING HUMAN RESOURCES TODAY,MANAGING EQUAL OPPORTUNITY AND DIVERSITY,MERGERS, ACQUISITIONS, AND STRATEGIC HUMAN,PERSONNEL PLANNING AND RECRUITIG |
| 942 ## - ADDED ENTRY ELEMENTS (KOHA) | |
| Source of classification or shelving scheme | Dewey Decimal Classification |
| Koha item type | FCM Books |
| 942 ## - ADDED ENTRY ELEMENTS (KOHA) | |
| -- | 16 |
| Withdrawn status | Lost status | Source of classification or shelving scheme | Damaged status | Not for loan | Collection code | Home library | Current library | Shelving location | Date acquired | Vendor Name | Cost, normal purchase price | SGTU | Bill Number | Total Checkouts | Full call number | Accession No. (Barcode) | Checked out | Date last seen | Date last borrowed | Bill Date | Koha item type |
|---|---|---|---|---|---|---|---|---|---|---|---|---|---|---|---|---|---|---|---|---|---|
| Dewey Decimal Classification | COMMERCE MANAGEMENT | SGT Science & Social Sciences Library | SGT Science & Social Sciences Library | Text Book | 01/06/2016 | KIRTI PRKASHAN | 350.00 | SGTU | 2392 | 22 | 658.3,DES | CM726 | 01/11/2024 | 02/09/2024 | 02/09/2024 | FCM Books | |||||
| Dewey Decimal Classification | COMMERCE MANAGEMENT | SGT Science & Social Sciences Library | SGT Science & Social Sciences Library | Text Book | 01/06/2016 | KIRTI PRKASHAN | 350.00 | SGTU | 2392 | 22 | 658.3,DES | CM727 | 07/05/2025 | 07/05/2025 | FCM Books |